Estatísticas para Logótipos da Marca #2

Clique aqui para jogar o quiz

Estatísticas Gerais

  • Esse quiz foi jogado 395 vezes
  • A pontuação média é 16 de 20

Estatísticas das Respostas

Resposta% Correto
Google
100%
Puma
100%
Microsoft
98%
Lego
97%
Twitter
97%
SnapChat
96%
Spotify
96%
Xbox
96%
Starbucks
95%
Firefox
92%
Toyota
91%
Playboy
90%
Burger King
88%
Gucci
82%
Nestlé
78%
WalMart
65%
Beats Electronics
49%
The North Face
42%
Škoda Auto
31%
AT&T
19%

Distribuição das Pontuações

Percentil de Números Respondidos

Porcentagem de Pessoas com Cada Pontuação

Sua Pontuação Histórica

Você não jogou esse quiz